| 000 | 00815nam a22001577a 4500 | ||
|---|---|---|---|
| 003 | OSt | ||
| 005 | 20151006101441.0 | ||
| 008 | 151006b xxu||||| |||| 00| 0 eng d | ||
| 040 | _cRUA | ||
| 082 | _aAVM SAM 2003 B074 Or.1 | ||
| 100 |
_92118 _aSAM, SOKCHEA. |
||
| 245 | _athe effect of replacing of dried fish meal by cassava leaf meal on digestibility and degestive tract of local duck (ការសិក្សាលើប្រសិទ្ធភាពនៃការជំនួសម្សៅត្រីដោយម្សៅស្លឹកដំឡូងឈើលើការរំលាយអាហារនិង ប្រដាប់រំលាយអាហារនៃពូជទាក្នុងស្រុក) | ||
| 260 |
_aPhnom Penh _bRUA _c2003 |
||
| 300 |
_aix, 38p. _bill. _c29cm. |
||
| 942 |
_2ddc _cAVM |
||
| 999 |
_c1992 _d1992 |
||